000 00851nam a22002537a 4500
999 _c33105
_d33105
001 2038
003 CO-MdFUSB
005 20170815093309.0
008 170815t1991 s ||||| |||| 00| 0 s d
020 _a84-7151-734-5
040 _aCO-MdFUSB
_bspa
_cCO-MdFUSB
_dCO-MdFUSBC
_erda
041 0 _aspa
082 0 4 _aG 222.1 L5664t
100 1 _aLenhardt, Pierre
_eautor
245 1 3 _aLa Torá oral de los fariseos
_b: Textos de la tradición de Israel
_c/ Pierre Lenhardt, Matthieu Collin ; Nocolás Darrícal, Traductor
264 4 _aEstella, Navarra, España:
_b Verbo Divino,
_c©1991
300 _a114 Pag
336 _2rdacontent
_a1
_ba1
337 _2rdamedia
_a2
_b5
338 _2rdacarrier
_a2
_b5
500 _aTítulo original : La Torah orale des pharisiens
650 7 _aLiteratura rabínica
_9331
_ben la literatura rabinica
942 _cBK